Statistics for Premier League Quiz: Easy

Click here to take the quiz!

General Stats

  • This quiz has been taken 3,721 times
    (2,713 since last reset)
  • The average score is 8 of 15

Answer Stats

Question Answer % Correct
The Premier League is the top division in which country?England
98%
How many teams are currently in the Premier League?20
93%
How many teams get relegated into the Championship?3
93%
How many Champions' League places are available?4
91%
Who have won it the most times?Manchester United
90%
What is the most common colour found in Premier League home shirts, with 9?Blue
56%
Who are the current holders?Leicester City
50%
In which year was the Premier League introduced?1992
49%
How many teams were there in the first three seasons?22
45%
Six different teams have won the League, but which one is not currently in it?Blackburn Rovers
35%
How many times have Premier League teams have won the Champions' League in the PL era?4
32%
Wimbledon were once a Premier League regular, but in 2004, where did they move to?Milton Keynes
28%
How many of the current Premier League managers are English?3
28%
Roy Hodgson is the current England manager, but how many Premier League teams (past and present) has he managed?4
26%
Who was the first sponsor of the League?Carling
14%

Score Distribution

Percentile by Number Answered

Percent of People with Each Score

Your Score History

You have not taken this quiz since the last reset